20 year anniversary of the Tampere programme Europeanisation dynamics of the EU area of freedom, security and justice /

Detalles Bibliográficos
Autor principal: Carrera, Sergio
Otros Autores: Geddes, Andrew, Curtin, Deirdre
Formato: eBook
Lenguaje:inglés
Publicado: Bruselas: European Union Publications Office, 2020
Materias:
Acceso en línea:Acceso restringido

MARC

LEADER 00000nam a22000007a 4500
005 2021092909549.0
007 cr|||| ||||
008 210929s2020 eu |||||s|||| 00||0 eng d
020 |a 978-92-9084-882-0 
035 |a 34390 
040 |a vLex 
090 |c 12449  |d 12449 
100 1 |a Carrera, Sergio 
245 1 0 |a 20 year anniversary of the Tampere programme  |h [Recurso electrn̤ico] :  |b Europeanisation dynamics of the EU area of freedom, security and justice /  |c Sergio Carrera, Andrew Geddes, Deirdre Curtin 
256 |a Servicio en ln̕ea 
260 |a Bruselas:  |b European Union Publications Office,  |c 2020 
300 |a 1 recurso electrn̤ico 
506 1 |a Disponible solo en los productos indicados  |d vLex Global  |d vLex Global (Academic Edition, excluding Law Schools)  |d vLex Global (U.S. Academic Edition, Law Schools)  |d vLex Global (U.S. Academic Edition, excluding Law Schools)  |d vLex Global (Academic Edition, Law Schools) 
650 0 4 |a Derecho Comunitario  |z Unin̤ Europea 
650 0 4 |a Derecho Constitucional  |z Unin̤ Europea 
700 1 |a Geddes, Andrew 
700 1 |a Curtin, Deirdre 
740 0 |a vLex Libros (Servicio en ln̕ea) 
856 4 0 |u https://app.vlex.com/#/sources/34390  |z Acceso restringido 
942 |c BOOK 
999 0 |a Community Law 
999 0 |a Constitutional Law